Diversitat i ciutadania : bibliografia bàsica bibliografia bàsica
ISBN:
84-9803-047-1
Descripción Física:
189 p. : il. ; 24 cm + 1 CD-ROM
Colección:
Materials ; 2
Materias:
Emigració i immigració -- Bibliografia
MARC
| LEADER | 00000nam a2200000Ia 4500 | ||
|---|---|---|---|
| 001 | 17184 | ||
| 008 | 160829s2005 xx 000 0 cat d | ||
| 017 | |a DL B-26620-2005 | ||
| 020 | |a 84-9803-047-1 | ||
| 080 | |a M-5-176 | ||
| 245 | |a Diversitat i ciutadania : |b bibliografia bàsica | ||
| 260 | |a Barcelona : |b Diputació de Barcelona, |c 2005 | ||
| 300 | |a 189 p. : |b il. ; |c 24 cm + 1 CD-ROM | ||
| 490 | |a Materials ; 2 | ||
| 590 | |a Índex | ||
| 650 | 0 | |a Emigració i immigració |x Bibliografia |9 40061 |2 Arxiu | |
| 710 | 1 | |a Barcelona (Catalunya : Província). |b Diputació |9 52408 | |
| 901 | |a Arxiu | ||
| 942 | |n 1 |2 udc | ||
| 952 | |0 0 |1 0 |4 0 |6 M5176 |7 1 |9 49177 |a Arxiu |b Arxiu |d 2016-12-01 |l 0 |o M-5-176 |p 17184 |r 2016-12-01 00:00:00 |w 2016-12-01 |y ARXIU | ||
| 952 | |0 0 |1 0 |4 0 |7 1 |9 63696 |a Arxiu |b Arxiu |d 2022-09-01 |o PDL |p 26619 |r 2022-09-01 00:00:00 |w 2022-09-01 |y ARXIU | ||
| 999 | |c 53017 |d 53017 | ||